000 00572cam a22002291 4500
001 sa 64005449
003 DLC
005 20260227112032.0
008 890402s1963 xx 000 0 beno
010 _asa 64005449
035 _a(OCoLC)23556671
040 _aDLC
_cMiU
_dDLC
042 _apremarc
043 _aa-pk---
050 0 0 _aDS377
_b.R8
245 0 0 _aRūpamaẏa Paścima Pākistāna.
260 _c[1963]
300 _a175 p.
_billus.
_c24 cm.
500 _aRomanized.
651 0 _aPakistan
_xDescription and travel.
710 2 _aPakistan Publications.
999 _c59128
_d59128